000 00646nam a2200229Ia 4500
003 OSt
005 20220928121736.0
006 a|||||r|||| 00| 0
007 ta
008 220927b |||||||| |||| 00| 0 eng d
024 _a29486
037 _cTextual
040 _aSDCL
_cSDCL
_beng
041 _2eng
_aeng
082 _aQ22:226, M5.2
100 _aShastri J L Ed.
_9417921
245 0 _aAncient Indian tradition and mythology
_b Varaha purana.
260 _aDelhi
_bMotilal Banarsidass
_c1985
300 _axiii,355-738p.
_ccm.
942 _hQ22:226, M5.2
_cTEXL
_2CC
999 _c767881
_d767881